| 000 | 00620nam a22001817a 4500 | ||
|---|---|---|---|
| 003 | CEME | ||
| 005 | 20210628210211.0 | ||
| 008 | 210215b xxu||||| |||| 00| 0 eng d | ||
| 020 | _a0-13-214272-4 | ||
| 040 | _c. | ||
| 082 | _a621.3845 621.3845 | ||
| 100 |
_aSampei, Seiichi _978494 |
||
| 245 | _aApplications of digital wireless technologies to global wireless communications | ||
| 260 |
_aNEW YORK _bPRENTICE HALL _c1997 |
||
| 300 | _a558P | ||
| 650 |
_avGLOBAL SYSTEMS FOR MOBILE COMMUNICATION GLOBAL SYSTEM FOR MOBILE COMMUNICATIONS JAPAN WIRELESS TECHNOLOGIES WIRELESS COMMUNICATIONS _978495 |
||
| 942 |
_cBK _2ddc |
||
| 999 |
_c583606 _d583606 |
||